LEADER 00947cam0 2200253 450 001 E600200035375 005 20210201113503.0 100 $a20080311d1982 |||||ita|0103 ba 101 $ager 102 $aDE 200 1 $aSoziologie und Geschichte$eGesammelte Abhandlungen zur Soziologie, Politik und Theorie der Geschichte$fOtto Hintze$gHerausgegeben und eingeleitet von Gerhard Oestreich 210 $aGöttingen$cVandenhoeck & Ruprecht$d1982 215 $a545 p.$d25 cm 700 1$aHintze$b, Otto$3A600200043087$4070$0143908 702 1$aOestreich, Gerhard$3A600200031370$4070 801 0$aIT$bUNISOB$c20210201$gRICA 850 $aUNISOB 852 $aUNISOB$j300$m37450 912 $aE600200035375 940 $aM 102 Monografia moderna SBN 941 $aM 957 $a300$b001505$gSi$d37450$racquisto$1pregresso3$2UNISOB$3UNISOB$420080311075323.0$520190711100041.0$6Spinosa 996 $aSoziologie und Geschichte$9731962 997 $aUNISOB